000 00560nam a22001937a 4500
003 LK-CoDNM
005 20250218112303.0
008 250218b |||||||| |||| 00| 0 eng d
040 _aLK-CoDNM
_dLK-CoDNM
_eLK-CoDNM-
041 _aeng
080 _aRC
_b285
100 _aC. J. R. Le Mesurier
245 _aManual of the Nuwara Eliya District
_bof the Central Province, Ceylon
260 _aColombo
_bG.J.A Skeen Government Printers, Ceylon
_c1893
300 _a269p.:ill,21.5cm
650 _aNuwara Eliya
650 _aCentral Province
942 _cBK
999 _c238119
_d238119